000
00330nam a22001457a 4500
008
230512b ||||| |||| 00| 0 eng d
020
_a
9780321056641
041
_a
eng
080
_2
EIGHTH EDITION
_a
51
082
_a
51MIL
100
_a
22
101
_a
MATEM
245
_a
BUSINESS MATHEMATICS
_c
MILLER.D.CH
942
_2
udc
_c
BK
999
_c
59702
_d
59702